Drużyny MŚ 2014 - Statystyki

Ogólne statystyki
  • Ten quiz został rozwiązany 129 razy
  • Średni wynik to 25 z 32
Statystyki odpowiedzi
Hint Odpowiedź % Poprawnych
B Hiszpania
98%
G Niemcy
98%
F Argentyna
95%
G Portugalia
95%
A Brazylia
94%
B Holandia
91%
D Włochy
89%
D Anglia
88%
E Francja
88%
H Rosja
88%
C Japonia
86%
G Stany Zjednoczone
86%
A Meksyk
85%
B Chile
84%
C Kolumbia
84%
H Belgia
82%
A Chorwacja
80%
D Urugwaj
80%
B Australia
79%
D Kostaryka
79%
G Ghana
75%
H Korea Południowa
71%
A Kamerun
70%
F Iran
69%
C Grecja
67%
F Nigeria
66%
E Szwajcaria
66%
H Algieria
59%
E Ekwador
58%
F Bośnia i Hercegowina
50%
C Wybrzeże Kości Słoniowej
50%
E Honduras
49%
Nie znaleziono quizów pasujących do podanych kryteriów
Rozkład punktacji
Procent ludzi z każdym wynikiem
Percentyl według liczby udzielonych odpowiedzi
Twoja historia wyników
Nie rozwiązałeś tego quizu